Exercise and health /

Bibliographic Details
Main Author: Hutchinson, Woods, 1862-
Format: Book
Language:English
Published: New York : Outing publishing company, 1911.
Series:Outing handbooks.
Subjects:

MARC

Tag First Indicator Second Indicator Subfields
LEADER 00000cam a2200000 4500
001 in00000026247
005 20151007061217.0
008 760511s1911 nyu 00010 eng
010 |a  11028088  
035 |a (OCoLC)02168907 
035 |9 AAD1441AM 
040 |a DLC  |c YNG  |d TXA  |d UtOrBLW 
049 |a TXAM  |c [24775] 
050 0 |a RA781  |b .H8 
092 |a 613  |b H978e 
100 1 |a Hutchinson, Woods,  |d 1862- 
245 1 0 |a Exercise and health /  |c by Dr. Woods Hutchinson ... 
264 1 |a New York :  |b Outing publishing company,  |c 1911. 
300 |a 156 pages ;  |c 19 cm. 
336 |a text  |b txt  |2 rdacontent 
337 |a unmediated  |b n  |2 rdamedia 
338 |a volume  |b nc  |2 rdacarrier 
490 1 |a Outing handbooks 
650 0 |a Exercise. 
650 0 |a Hygiene. 
830 0 |a Outing handbooks. 
999 |a MARS 
999 f f |s 5b986f4f-d2ae-37e3-bc29-6aa793ad13be  |i 90626729-b948-3df7-9a11-9797420a713f  |t 0 
952 f f |p ric  |a Texas A&M University  |b Rellis Campus  |c Joint Library Facility  |d Remote Storage  |t 0  |e RA781 .H8  |h Library of Congress classification  |i unmediated -- volume  |m A14801028367 
998 f f |a RA781 .H8  |t 0  |l Remote Storage